000 00334 a2200157 4500
001 179590
020 _a
040 _cMagnum
100 _aAlbergaria, Lino de
240 1 0 _aA praia dos duendes
_lpor
245 1 0 _aA praia dos duendes
362 0 _a1899
440 1 _aLĂȘ
697 _aMAGNITO: IJ/FADAS, FANTASIA
942 _cBK
999 _c179590
_d179590